00781nam a2200205 a 450000100100000000500170001000800410002702000150006804000250008308200160010810000440012424501250016826000550029330000210034849000430036956300510041274000290046374000410049283000420053300002265520240305135410.0101014s1997 es 001 0 spa d a8423988252 aDO-SdBNPbspacBNPHU axxxxbG216c1 aGarcía Márquez, Gabriel,b1928-201410aCien años de soledad ;bEl otoño del patriarca ; El coronel no tiene quien le escribe /cGabriel García Márquez. aMadrid, :bEditorial Espasa Calpe,c1997.fHuertas a637 p. ;c22 cm.1 aAntología de la literatura universal aVarias obras empaginadas en páginas continua2 aEl otoño del patriarca2 aEl coronel no tiene quien le escribe 0aAntología de la literatura universa